| 000 | 02259ncm0a22004211 4500 | ||
|---|---|---|---|
| 001 | RU\NLR\ONIZ\208895 | ||
| 005 | 20250810071822.0 | ||
| 035 | _a(NLR Aleph) 010889761 | ||
| 035 | _aRU\NLR\ONIZ\Таня\5000000659\20150215161011 | ||
| 071 | 2 | 0 | _aМ. 18203 Г. |
| 090 |
_a10545889 _c10545889 |
||
| 100 | _a20150215d1945 u y0rusy50 ca | ||
| 101 | 0 |
_aeng _arus |
|
| 102 | _aRU | ||
| 125 | _azx | ||
| 128 | _atri | ||
| 145 | 0 | _ab | |
| 200 | 1 |
_aТрио _bНоты _eдля фп., скрипки и в-чели. _eор. 67 _fДм. Шостакович |
|
| 210 |
_aЛенинград _aМосква _cГосударственное музыкальное издательство _d1945 |
||
| 215 |
_a1 партит. (62 с.), 2 парт. (19, 19 с.) _d29 см |
||
| 300 | _aПеред нот. текстом : Памяти И. И. Соллертинского | ||
| 300 | _aРус., англ. | ||
| 313 | _aСистематизация документа проведена по изданию - Методика классифицирования музыкальных произведений (нотных изданий) по таблицам Библиотечно-библиографических классификаций : метод. рекомендации / Гос. б-ка СССР им. В.И. Ленина.- М., 1977. Индексу ББК методических рекомендаций присваивается код ББК для научных библиотек - LBC/SL | ||
| 686 |
_aЩ952.142.8-040.1(2) _vLBC/SL _2rubbk |
||
| 700 | 1 |
_9z01790 _aШостакович _bД. Д. _f1906-1975 _gДмитрий Дмитриевич _4230 _7ca |
|
| 702 | 1 |
_9z02790 _aСоллертинский _bИ. И. _f1902-1944 _gИван Иванович _4280 |
|
| 790 | 1 |
_9z01700 _aShostakovich _bD. D. _f1906-1975 _gDmitrij Dmitrievich _4230 |
|
| 790 | 1 |
_9z02702 _aSollertinsky _bI. I. _f1902-1944 _gIvan Ivanovich _4280 _7ba |
|
| 801 | 0 |
_aRU _bNLR _c20150215 _gPSBO |
|
| 801 | 1 |
_aRU _bNLR _c20150215 _2rusmarc |
|
| 801 | 2 |
_aRU _bNLR _c20160817 |
|
| 852 |
_aNLR _bМ _j470-3/18 _p63376 _t1 |
||
| 942 | _cSCORE | ||
| 945 | _aРоссийская национальная библиотека | ||
| 980 | _aNB | ||
| 980 | _aBV | ||
| 980 | _aONIZ | ||